|
|
|
|
| LEADER |
00000nab a2200000Ia 4500 |
| 001 |
vtls010749487 |
| 003 |
SK-MaSNL |
| 005 |
20260305025533.0 |
| 008 |
250718|1980 xo |||||||||||||||||slo| |
| 035 |
|
|
|a (urnnbn)urn:nbn:sk:snk:ar-a02gzv
|
| 035 |
|
|
|a (uuid)2f138c42-1b27-4ca4-a9b1-cf8091485e38
|
| 035 |
|
|
|a urn:nbn:sk:snk-ab4l09
|
| 040 |
|
|
|a SNKBUCL
|b slo
|c SNKBUCL
|e AACR2
|
| 041 |
0 |
|
|a slo
|
| 044 |
|
|
|a xo
|c SK
|
| 080 |
|
|
|a 666.942/948
|2 2001
|
| 080 |
|
|
|a 656
|2 2001
|
| 080 |
|
|
|a 69
|2 2001
|
| 100 |
1 |
|
|a Horňák, Tomáš
|4 aut
|9 616756
|
| 245 |
1 |
0 |
|a Vplyv alokácie sortimentu výroby a odbytových rajónov na priemerné prepravné vzdialenosti cementu na Slovensku
|c Tomáš Horňák
|
| 650 |
0 |
7 |
|a cement
|2 SNKPH
|9 17176
|
| 650 |
0 |
7 |
|a doprava
|2 SNKPH
|9 1777
|
| 650 |
0 |
7 |
|a stavebníctvo
|2 SNKPH
|9 726
|
| 650 |
0 |
7 |
|a alokácia zdrojov
|2 SNKPH
|9 57913
|
| 773 |
0 |
|
|t Ekonomika stavebníctva
|g Roč. 15, č. 5 (1980), s. 146-150
|
| 850 |
|
|
|a Slovenská národná knižnica
|
| 852 |
|
|
|a Slovenská národná knižnica
|
| 954 |
|
|
|a odborná, vedecká literatúra pôvodná (slovenská)
|2 lita
|
| 958 |
|
|
|a article3
|
| 958 |
|
|
|a OND
|
| 958 |
|
|
|a EUIPO
|
| 999 |
|
|
|c 3306152
|d 3308082
|